000 00429cam a22001575a 4500
001 J100877
008 000000s1924 xxk 000 0 eng u
035 _a(Sirsi) u100877
110 _aSurveyors' Institution
_93783
245 _aVisit of the Institution to Brighton. 18th, 19th, 20th and 21st June 1924.
260 _c1924
300 _a60p.
651 4 _aUnited Kingdom
_y
690 _aBusiness and management
942 _n0
999 _c99895
_d99895